Australia: architecture and design
সংরক্ষণ করুন:
| বিন্যাস: | গ্রন্থ |
|---|---|
| ভাষা: | জার্মান ইংরেজি স্প্যানিশ ফরাসি ইতালিয় |
| প্রকাশিত: |
Londres
Daab
2007
|
| বিষয়গুলি: | |
| ট্যাগগুলো: |
ট্যাগ যুক্ত করুন
কোনো ট্যাগ নেই, প্রথমজন হিসাবে ট্যাগ করুন!
|
MARC
| LEADER | 00000nam a2200000 a 4500 | ||
|---|---|---|---|
| 001 | UCG4618 | ||
| 003 | CL-VaPUC | ||
| 008 | 101111e20070000UK |||||||||||||||||ger|d | ||
| 020 | |a 9783937718774 | ||
| 041 | 0 | 7 | |a ger |2 CL-VaPUC |
| 041 | 0 | 7 | |a eng |2 CL-VaPUC |
| 041 | 0 | 7 | |a spa |2 CL-VaPUC |
| 041 | 0 | 7 | |a fre |2 CL-VaPUC |
| 041 | 0 | 7 | |a ita |2 CL-VaPUC |
| 082 | 0 | 4 | |a 720.994 |b AUS |2 21 |
| 245 | 1 | 0 | |a Australia: architecture and design |
| 300 | |a 237 p | ||
| 942 | |c BK | ||
| 945 | |d 20101111 00:00:00 |a mfarfan | ||
| 260 | |a Londres |b Daab |c 2007 | ||
| 650 | 0 | |a Arquitectura |9 804558 | |
| 650 | 0 | |a Diseño |9 260483 | |
| 651 | 0 | |a Australia |9 262077 | |
| 583 | |a last modification |c 20101111 00:00:00 |k Rodrigo Vera | ||
| 999 | |c 343305 |d 343303 | ||
| 952 | |0 0 |1 0 |4 0 |6 720_994000000000000_AUS_2007 |7 0 |8 A |9 440527 |a BIBARQ |b BIBARQ |d 2019-11-22 |i 4733711 |o 720.994 AUS 2007 |p 4733711 |r 2025-01-20 |w 2019-11-22 |y BK |k ARQ | ||